Jeux vidéos de A-Z par image #6 - Statistiques

Statistiques générales
  • Ce quiz a été pris 759 fois
  • Le résultat moyen est 13 sur 26
Statistiques - réponses
Par images Hint Réponse % Correct
H Hitman: Absolution
93%
I Indiana Jones et le Cercle ancien
91%
J Jumanji Le Jeu
89%
R Rayman
89%
B Brawl Stars
86%
F Forza Horizon
81%
A Adibou
80%
C Counter-Strike
79%
T Temple Run
74%
D Diablo
73%
O Overcooked
63%
L Life is strange
57%
P Prince of Persia
53%
S Sekiro
53%
G Gears of War
40%
M Madden
35%
V Vector
35%
K Killzone
26%
W Warframe
17%
N Nioh
15%
U Unturned
13%
X X-COM
13%
Q Quantum Break
12%
Y Yooka-Laylee
11%
E Evolve
10%
Z Zumba Fitness
3%
Aucun quiz correspondant
Distribution des résultats
% des personnes avec chaque résultat
Percentile par nombre de réponses
Votre historique - résultats
Vous n’avez pas pris ce quiz